Autodiagnóstico de pequeñas y medianas empresas /
Contenido: Introducción; El autodiagnóstico; Mercadear frente a vender; Las herramientas fundamentales en el manejo de las pequeñas y medianas empresas (pyme); La dirección empresarial; El perfil económico de las pequeñas y medianas empresas (pyme); ejemplos prácticos.
Uloženo v:
| Hlavní autor: | |
|---|---|
| Médium: | Kniha |
| Jazyk: | španělština |
| Vydáno: |
México :
Limusa,
2003, c2003
|
| Témata: | |
| Tagy: |
Žádné tagy, Buďte první, kdo vytvoří štítek k tomuto záznamu!
|
MARC
| LEADER | 00000nam^a2200000^a^4500 | ||
|---|---|---|---|
| 001 | 000152747 | ||
| 005 | 20250521000000.0 | ||
| 009 | 20260310100255.411 | ||
| 020 | |a 968-18-6394-1 | ||
| 037 | |a Acervo ITESO - Biblioteca | ||
| 041 | |a ESP | ||
| 082 | |a 338. 642 |b FRI | ||
| 100 | |a Frixione Cerón, Domingo Antonio |e (autor) | ||
| 245 | 1 | 0 | |a Autodiagnóstico de pequeñas y medianas empresas / |c D.A. Frixione Cerón ; pról. de Israel Enrique Benavides Cerros. |
| 264 | 4 | |a México : |b Limusa, |c 2003, c2003 | |
| 300 | |a 193 p. | ||
| 336 | |a texto |b txt |2 rdacontenido | ||
| 337 | |a sin mediación |b n |2 rdamedio | ||
| 338 | |a volumen |b nc |2 rdasoporte | ||
| 520 | |a Contenido: Introducción; El autodiagnóstico; Mercadear frente a vender; Las herramientas fundamentales en el manejo de las pequeñas y medianas empresas (pyme); La dirección empresarial; El perfil económico de las pequeñas y medianas empresas (pyme); ejemplos prácticos. | ||
| 649 | |a XX | ||
| 650 | |a Ventas | ||
| 650 | |a Pequeña Empresa - |x Tema Principal | ||
| 650 | |a Mediana Empresa - |x Tema Principal | ||
| 650 | |a Empresas - |x Administración | ||
| 650 | |a Proceso Administrativo - |x Dirección | ||
| 650 | |a Administración | ||
| 650 | |a Mercadotecnia | ||
| 650 | |a Economía | ||
| 650 | |a Ciencias Administrativas | ||
| 910 | |a Fondo General | ||
| 920 | |a Impresos - Libros | ||
| 930 | |a Colección General | ||
| 905 | |a 101 | ||
| 901 | |a 0500081510 |b IT1 |c ACC |u 20250521 | ||
| 902 | |a https://opac.biblio.iteso.mx/vufind/Record/000152747 | ||